Výkonnosť a metódy reinžinieringu podnikových procesov
Podnikové procesy ako súhrn všetkých podnikových činností. Výzvy pri hľadaní motivácie a nových efektívnejších metód riadenia zmien podnikovej kultúry spojenej s implementáciou procesného riadenia. Problematika procesného manažmentu a procesov v podniku.
Gespeichert in:
| 1. Verfasser: | |
|---|---|
| Weitere Verfasser: | |
| Format: | Buchkapitel |
| Sprache: | Slowakisch |
| Schlagworte: | |
| Tags: |
Keine Tags, Fügen Sie das erste Tag hinzu!
|
MARC
| LEADER | 00000nla a2200000 4500 | ||
|---|---|---|---|
| 001 | 0197816 | ||
| 005 | 20240502073336.1 | ||
| 041 | 0 | |a slo | |
| 044 | |a SK | ||
| 245 | 1 | 0 | |a Výkonnosť a metódy reinžinieringu podnikových procesov |c Martina Sabolová, Adela Feranecová |
| 520 | |a Podnikové procesy ako súhrn všetkých podnikových činností. Výzvy pri hľadaní motivácie a nových efektívnejších metód riadenia zmien podnikovej kultúry spojenej s implementáciou procesného riadenia. Problematika procesného manažmentu a procesov v podniku. | ||
| 610 | 2 | 0 | |a manažéri |
| 610 | 2 | 0 | |a manažment |
| 610 | 2 | 0 | |a riadenie procesné |
| 610 | 2 | 0 | |a metódy riadenia |
| 610 | 2 | 0 | |a kultúra podniková |
| 610 | 2 | 0 | |a procesy podnikové |
| 100 | 1 | |a Sabolová, Martina | |
| 700 | 1 | |a Feranecová, Adela, 1986- | |